Quizzes
Events
Quiz Creation
Community
Videos
Private Events
Remove Ads
Sign In
Join for FREE
Feedback
Dark Mode
Quiz Categories
Sports
Geography
Music
Movies
Television
Just For Fun
Miscellaneous
History
Literature
Language
Science
Gaming
Entertainment
Religion
Holiday
For Kids
Quiz Lab
Recent
Popular Today
Quiz Kudos Today
Editor Picks
Curator Picks
Quizzes by...
Day
Popularity
Type
Ratings
Length
Year
Community
Subscriptions
Recent Discussions
Orange Saloon
Badges
Playlists
Quests
Create
Leaderboards
Showdown
Live 5
Trivia Bingo
Activity
Puzzle Library
Sporcle Events
Private Events
Virtual Trivia
Globe League
Become a Host
Pub Owners
SporcleCon
Opinionation
Our Games
Videos
Blog
Mobile Apps
Partnerships
Remove Ads and Go Orange
Feedback
History
US Presidents
World Leaders
Politics
Nation
Discovery
War
Decade
Year
Century
Biography
Art
History
US Presidents
World Leaders
Politics
Nation
Discovery
War
Decade
Year
Century
Biography
Art
Random Quiz
Search Sporcle
×
Quiz Lab
Quiz Lab
History
US Presidents
Type in answers that appear in a list
Type in answers that appear in a list
Classic
Best Score? Go Orange.
Next in Line for the US Presidency Stats
Can you name the people who were next in line for the US presidency from 1789 to today?
By
Alasdair_Wilkins
15m
83 Questions
95 Plays
95 Plays
95 Plays
Comments
Comments
Give Quiz Kudos
Give Quiz Kudos
-
- Ratings
hide this ad
Replay
Link that replays current quiz
Next Quiz
Link to next quiz in quiz playlist
You Got
0%
They Got
Avg Score
31%
Avg Friend Score
Upgrade to see
Score Distribution
Jump to the score distribution portion of the page
Score
0/83
Timer
15:00
0
Plays Today
Years
Person
% Correct
1789-
1797
John Adams
91.6%
1981-
1989
George H.W. Bush
91.6%
1961-
1963
Lyndon B. Johnson
88.4%
1797-
1801
Thomas Jefferson
87.4%
1837-
1841
Richard M. Johnson
87.4%
1865-
1865
Andrew Johnson
87.4%
1993-
2001
Albert A. Gore
86.3%
2009-
Joseph R. Biden
85.3%
1973-
1974
Gerald R. Ford
81.1%
1953-
1961
Richard M. Nixon
78.9%
2001-
2009
Richard B. Cheney
78.9%
1945-
1945
Harry S Truman
75.8%
1901-
1901
Theodore Roosevelt
68.4%
1989-
1993
J. Danforth Quayle
67.4%
1969-
1973
Spiro T. Agnew
66.3%
1921-
1923
Calvin Coolidge
62.1%
1841-
1841
John Tyler
61.1%
1801-
1805
Aaron Burr
60%
1805-
1812
George Clinton
57.9%
1833-
1837
Martin Van Buren
57.9%
1977-
1981
Walter F. Mondale
57.9%
1881-
1881
Chester A. Arthur
53.7%
1974-
1977
Nelson A. Rockefeller
51.6%
1849-
1850
Millard Fillmore
50.5%
1965-
1969
Hubert H. Humphrey
44.2%
1873-
1875
Henry Wilson
37.9%
1893-
1897
Adlai E. Stevenson
34.7%
1861-
1865
Hannibal Hamlin
32.6%
Years
Person
% Correct
1825-
1832
John C. Calhoun
30.5%
1913-
1921
Thomas R. Marshall
29.5%
1947-
1947
George Marshall
29.5%
1941-
1945
Henry A. Wallace
27.4%
1899-
1901
John Milton Hay
24.2%
1901-
1905
John Milton Hay
24.2%
1949-
1949
Sam Rayburn
24.2%
1925-
1929
Charles G. Dawes
22.1%
1813-
1814
Elbridge Gerry
20%
1850-
1852
William Rufus de Vane King
20%
1853-
1853
William Rufus de Vane King
20%
1857-
1861
John C. Breckinridge
20%
1869-
1873
Schuyler Colfax
20%
1929-
1933
Charles Curtis
20%
1933-
1941
John Nance Garner
20%
1949-
1953
Alben Barkley
20%
1885-
1885
Thomas Hendricks
16.8%
1905-
1909
Charles W. Fairbanks
16.8%
1923-
1925
Charles Evans Hughes
15.8%
1877-
1881
William A. Wheeler
14.7%
1889-
1893
Levi P. Morton
14.7%
1897-
1899
Garret A. Hobart
14.7%
1909-
1912
James S. Sherman
14.7%
1945-
1947
James F. Byrnes
14.7%
1973-
1973
Carl Albert
14.7%
1974-
1974
Carl Albert
14.7%
1845-
1849
George Dallas
13.7%
1885-
1886
John Sherman
13.7%
Years
Person
% Correct
1947-
1949
Joseph William Martin, Jr.
13.7%
1832-
1833
Hugh Lawson White
12.6%
1817-
1825
Daniel D. Tompkins
11.6%
1881-
1885
David Davis III
11.6%
1867-
1869
Benjamin F. Wade
10.5%
1963-
1965
John William McCormack
10.5%
1945-
1945
Henry Morgenthau, Jr.
7.4%
1912-
1913
Philander C. Knox
6.3%
1854-
1856
Jesse D. Bright
5.3%
1856-
1857
Jesse D. Bright
5.3%
1812-
1813
William Harris Crawford
4.2%
1854-
1854
Lewis Cass
4.2%
1881-
1881
Thomas F. Bayard
4.2%
1886-
1889
Thomas F. Bayard
4.2%
1814-
1817
John Gaillard
3.2%
1856-
1856
Charles E. Stuart
3.2%
1857-
1856
James M. Mason
3.2%
1865-
1869
Lafayette S. Foster
3.2%
1885-
1885
John G. Carlisle
3.2%
1945-
1945
Edward Stettinius, Jr.
3.2%
1814-
1814
Langdon Cheves
2.1%
1841-
1842
Samuel L. Southard
2.1%
1842-
1845
Willie P. Mangum
2.1%
1852-
1853
David Rice Atchinson
2.1%
1853-
1854
David Rice Atchinson
2.1%
1875-
1877
Thomas W. Ferry
2.1%
1881-
1881
Samuel J. Randall
2.1%
Quiz Playlist
Details
Report
Send in Message
Add To Playlist
Classic:
Type in answers that appear in a list
Quiz Source
Last Updated: Feb 16, 2017
Quiz Scoreboard
CHALLENGE
Sign Up to Join the Scoreboard
Show All
Scores
Hide
Comments
May contain spoilers
Recently Published
9x9 Crossword: Cartoon Network
by jackfrog10
Miscellaneous
3m
College Basketball Coaching Resumes
by pancakes188
Sports
9m
Billboard Blitz: Fleetwood Mac
by CooCooCachoo
Music
15s
More to Explore
Quiz From the Vault
Featured Blog Post
Where Did the Easter Bunny Come From?
hide this ad
You Might Also Like...
Tags
US Presidents Quiz
1789
Next
office
Person
Today
Today's Top Quizzes in History
Browse History
hide this ad
Today's Top Quizzes in US Presidents
Browse US Presidents
Top Contributed Quizzes in History
1
Popular People in 1991
2
Popular People in 1981
3
Popular People in 1951
4
Popular People in 1941
5
Popular People in 1986
6
Popular People in 1976
7
Popular People in 1921
8
5-to-1: 20th Century Images of War
9
I Am Born On March 28th
10
Popular People in 1946
Explore More
Trending Topics
Disney
Anime
Harry Potter
Kpop
Crossword
Marvel
NBA
Puzzle
WWE
NFL
Soccer
Pokémon
The Office
Country
Song
hide this ad
More By:
Alasdair_Wilkins
Quiz
Plays
Rating
Category
Featured
Created
NFL Teams By 1st Super Bowl Appearance
44,654
4.62
Sports
Feb 7, 2010
Top 50 US Metro Areas Without Sports Teams
21,647
3.48
Sports
Feb 14, 2010
Five Sport Cities
12,674
3.75
Sports
Feb 13, 2010
Criteria Characters: The 13 Doctors of Doctor Who
7,611
3.36
Television
Apr 3, 2014
US Presidents by Middle Name(s)
2,912
4.29
History
Mar 19, 2010
Go to Creator's Profile
Score Distribution
Quiz Creator Spotlight
Alasdair_Wilkins
Follow
Send a Message
Quizzes Created
-
Created Quiz Play Count
-
More By This Creator
Popular Quizzes Today
1
Find the US States - No Outlines Minefield
2
Find the Countries of Europe - No Outlines Minefield
3
The Countries of the World
4
Find the US States
5
Risky Map Clicking: Biggest States A-Z
6
US States
7
Popular People in 1961
8
Movies - When Are They Set?
More History Quizzes
5 to 1 Blitz: British Museums
Quiz Lab
Trending Quizzes
Risky Map Clicking: Least Populous States A-Z
1-10 Letter G Words
1-10 Letter F Words
Risky Map Clicking: Next State Alphabetically
Adjectives in 80s TV Shows
Recently Updated
Leaping Animals
pecheneg
Reality TV Shows (A-Z)
bhenderson79
Rickey Henderson's Hall of Fame Teammates
pecheneg
Champions League XIs: Arsenal
pecheneg
Quick Pick: Celebrities in WWE's Hall of Fame
aduchscher
A-Z Keypad Blitz II
pecheneg
Multiple Oscar Actors
pecheneg
Mystery Phrase Blitz: Oscar 'Best Actors'
pecheneg
F. Scott Fitzgerald Novels
LTH
Pick 3 Villains
ddd62291
Trending Topics
NBA
Marvel
Kpop
Anime
Disney
Harry Potter
Crossword
Soccer
Puzzle
The Office
Country
Song
NFL
Pokémon
WWE
Your Account Isn't Verified!
In order to create a playlist on Sporcle, you need to verify the email address you used during registration. Go to your
Sporcle Settings
to finish the process.
Report this User
Report this user for behavior that violates our
Community Guidelines
.
Details:
Send Report
Go to the Sporcle.com Mobile Site →
Comments